LEADER 01315nam2-2200397---450 001 990005586480203316 005 20190403124911.0 035 $a000558648 035 $aUSA01000558648 035 $a(ALEPH)000558648USA01 035 $a000558648 100 $a19981214e19991961|||y0itaa50------ba 101 $afre 102 $afr 105 $a0 00||| 200 1 $aConception tragique et conception optimiste de la nature humaine dans la philosophie de Malebranche$fA. Robinet 205 $a[Paris : s.n.$b1999?] 210 $ap. 317-321$a18 cm 215 $aEstratto da: Les Útudes philosophiques, 1961 311 $ap. 317-321$9SA0001183 461 0$1001000558310$12001$a<> Etudes philosophiques$v1961 606 $aMalebranche, Nicolas : de$xAntropologia filosofica.$2F 620 $dPARIS 676 $a147 700 1$aROBINET,$bAndré$0375230 801 0$aIT$bSA$c20111219 912 $a990005586480203316 950 0$aDipar.to di Filosofia - Salerno$dDFDOC 147 ROB$e752 FIL 951 $aDOC 147 ROB$b752 FIL 959 $aBK 969 $aFIL 979 $c20121027$lUSA01$h1525 979 $c20121027$lUSA01$h1614 996 $aConception tragique et conception optimiste de la nature humaine dans la philosophie de Malebranche$91132644 997 $aUNISA NUM $aSA0001554